000
00229nam a2200097Ia 4500
008
120527s9999 xx 000 0 und d
100
_a
FRIEDMAN,D.
245
_a
Dan Friedman:Radical modernism.
260
_b
Yale Uni.
942
_c
BK
999
_c
24074
_d
24074